| 000 | 01823nam a2200205Ia 4500 | ||
|---|---|---|---|
| 003 | GCL | ||
| 008 | 140319s9999 xx 000 0 ara d | ||
| 040 |
_aGCL / _cGCL |
||
| 082 | 0 | 4 |
_aط _b398.2 _bش ن |
| 100 | 1 | _aشوقى حسين | |
| 245 | 1 | 0 |
_aنوادر جحا للاطفال \ خذ انت الدراهم - مرق الارنب - ثيابى اولى بى - اجرك صوت الدراهم - الذى يعطى الكثير لايبخل بالقليل - الله يعطيك - والله لن اشتريك - خذلاشئ - جحا والضيف المريض - جحا وكلام الناس - من حفر حفرة لاخيه وقع فيها - جحا فى دار البخلاء - جحا والملك - جحا يصنع معروفا - جحا عليه خمسة قروش - جحا يظهر فجاءة - جحا بائع الحرير - جحا يقول انشاءالله - جحا ودعوة البخيل - جحا والجار البخيل - جحا والطعام الطائر - جحا شجاع جدا - جحا والجار الطماع - جحا ينفذ وعده - جحا عنيد جدا - العمل لايوافق النظر : _bجحا واللص - جحا طيب القلب - جحا والحمار الناقص - جحا وثروة من ذهب - جحا والمجنون - جحا وصديق فى ورطة - جحا اشترى حماره-حساب الجرة - جحا وحماره المشاغب - جحا طبيب - عروس جحا - جحا حزين على حماره - جحا / _cشوقى حسين |
| 260 |
_aالقاهرة : _bالمؤسسة العربية الحديثة للطبع والنشر |
||
| 300 |
_aمتعدد ؛ _c24 سم |
||
| 490 |
_aنوادر جحا للاطفال _v0 |
||
| 650 | 0 | 4 | _aالقصص |
| 650 | 0 | 4 | _aقصص الاطفال |
| 650 | 0 | 4 | _aاساطير وحكايات |
| 650 | 0 | 4 | _aجحا |
| 942 |
_2ddc _cBK |
||
| 999 |
_c57877 _d57877 |
||